Introduction to Clothing Manufacture (Record no. 10850)

MARC details
000 -LEADER
fixed length control field 00370nam a2200133Ia 4500
008 - FIXED-LENGTH DATA ELEMENTS--GENERAL INFORMATION
fixed length control field 191201s2011 xx 000 0 und d
082 ## - DEWEY DECIMAL CLASSIFICATION NUMBER
Classification number 677.21
Item number COI
100 ## - MAIN ENTRY--PERSONAL NAME
Personal name COOKLIN, Gerry
245 #0 - TITLE STATEMENT
Title Introduction to Clothing Manufacture
260 ## - PUBLICATION, DISTRIBUTION, ETC. (IMPRINT)
Place of publication, distribution, etc New delhi
Name of publisher, distributor, etc Blackwell Pub.
Date of publication, distribution, etc 2002
300 ## - PHYSICAL DESCRIPTION
Extent 178
650 ## - SUBJECT ADDED ENTRY--TOPICAL TERM
Topical term or geographic name as entry element Bachelor of Fashion and Apparel Design
942 ## - ADDED ENTRY ELEMENTS (KOHA)
Source of classification or shelving scheme Dewey Decimal Classification
Koha item type Text Books
942 ## - ADDED ENTRY ELEMENTS (KOHA)
-- 3
Holdings
Withdrawn status Lost status Source of classification or shelving scheme Damaged status Not for loan Collection code Home library Current library Date acquired Source of acquisition Currency Cost, normal purchase price Bill Number Total Checkouts Full call number Acc. no. / Barcode Date last seen Actual Cost, discounted price Bill Date Koha item type Date last borrowed
    Dewey Decimal Classification     Bachelor of Fashion and Apparel Design PIET NCR College Library PIET NCR College Library 11/08/2021 Kirti Prakashan IN Rupees 595.00 IN2356   677.21 COI N1888 17/08/2021 410.55 11/08/2021 Reference Books  
    Dewey Decimal Classification     Bachelor of Fashion and Apparel Design PIET NCR College Library PIET NCR College Library 11/08/2021 Kirti Prakashan IN Rupees 595.00 IN2356 6 677.21 COI N1889 26/11/2024 410.55 11/08/2021 Text Books 13/11/2024
    Dewey Decimal Classification     Bachelor of Fashion and Apparel Design PIET NCR College Library PIET NCR College Library 11/08/2021 Kirti Prakashan IN Rupees 595.00 IN2356 1 677.21 COI N1890 15/03/2023 410.55 11/08/2021 Text Books 01/03/2023
    Dewey Decimal Classification     Bachelor of Fashion and Apparel Design PIET NCR College Library PIET NCR College Library 11/08/2021 Kirti Prakashan IN Rupees 595.00 IN2356 1 677.21 COI N1891 27/02/2024 410.55 11/08/2021 Text Books 30/01/2024
    Dewey Decimal Classification     Bachelor of Fashion and Apparel Design PIET NCR College Library PIET NCR College Library 11/08/2021 Kirti Prakashan IN Rupees 595.00 IN2356 1 677.21 COI N1892 15/03/2023 410.55 11/08/2021 Text Books 01/03/2023

Design & Developed by: PIET Central Library
R70 Miles Stone Pattikalyana Samalkha Panipat 132102
mail ID :- [email protected], Phone No:- 0180-2569700 Ex.216